000 00512nam a2200157 i 4500
001 bg
245 0 0 _aKatalog nakładów rzeczowych :
_bkonstrukcje budowlane.
_nNr 2-02, T.1 /
_cMinisterstwo Budownictwa, Gospodarki Przestrzennej i Komunalnej.
260 _aWarszawa,
_c1986.
650 9 _aKonstrukcje budowlane
655 _aKatalogi
710 _aMinisterstwo Budownictwa, Gospodarki Przestrzennej i Komunalnej
040 _cBPK
041 _apol
942 _cKA
008 s pl f |000 0 pol
999 _c10090
_d10090
856 _uhttp://koha.tu.koszalin.pl/cgi-bin/koha/opac-detail.pl?biblionumber=10090
_yKatalog online BPK